Λογότυπα Ομάδων NBA - Ξαφνικός Θάνατος - Statistics

General Stats
  • This quiz has been taken 29 times
    23 since last reset
  • The average score is 12 of 30
Answers on the Grid
Answers color-coded by a green-red scale on the quiz's grid according to % correct below.
 
Answer Stats
Answer % Correct
NBA
83%
NBA
67%
NBA
67%
NBA
67%
NBA
58%
NBA
50%
NBA
50%
NBA
50%
NBA
50%
NBA
42%
NBA
42%
NBA
42%
NBA
42%
NBA
42%
NBA
42%
NBA
42%
NBA
42%
NBA
33%
NBA
33%
NBA
33%
NBA
33%
NBA
25%
NBA
25%
NBA
25%
NBA
25%
NBA
17%
NBA
17%
NBA
17%
NBA
17%
NBA
8%
No matching quizzes found
Score Distribution
Percent of People with Each Score
Percentile by Number Answered
Your Score History
You have not taken this quiz since the last reset